000 00348 a2200169 4500
001 14851
020 _a9788581841564
040 _cAnchieta - Aquarius
100 _aHest, Pimm van
240 1 0 _aEm fuga
_lpor
245 1 0 _aEm fuga
300 _a32
362 0 _a2018
440 1 _aGaudí
650 4 _aLiteratura infanto-juvenil
942 _cBK
999 _c14851
_d14851